[Event "BL 0203 SC Baden Oos - Hamburger SK"]
[Site "?"]
[Date "2003.03.09"]
[Round "13.8"]
[White "Keitlinghaus, Ludger"]
[Black "Reeh, Oliver"]
[Result "1/2-1/2"]
[WhiteElo "2500"]
[BlackElo "2423"]
[PlyCount "81"]
[EventDate "2003.??.??"]

1. e4 e5 2. Nf3 Nc6 3. Nc3 Nf6 4. Bb5 Nd4 5. Bc4 Nxf3+ 6. Qxf3 c6 7. d3 d6 8.
h3 b5 9. Bb3 Be7 10. a4 b4 11. Ne2 O-O 12. Ng3 Nd7 13. Be3 Bg5 14. O-O g6 15.
Rad1 a5 16. d4 exd4 17. Bxg5 Qxg5 18. Rxd4 Ne5 19. Qe3 Qxe3 20. fxe3 c5 21.
Rxd6 c4 22. Ba2 Be6 23. Rfd1 Rfb8 24. Ne2 b3 25. Bb1 bxc2 26. Bxc2 Rxb2 27. Nd4
Re8 28. Ra6 c3 29. Rxa5 Nc4 30. Rc5 Nxe3 31. Rc1 Bc4 32. Nc6 Nxc2 33. Rxc4 Ne3
34. R4xc3 Rxe4 35. g4 Rg2+ 36. Kh1 Rg3 37. Kh2 Rg2+ 38. Kh1 Rg3 39. Kh2 Nf1+
40. Kh1 Ne3 41. Ra1 1/2-1/2

[Event "BL 0203 Stuttgarter Sfr - Lübecker SV"]
[Site "?"]
[Date "2003.03.09"]
[Round "13.1"]
[White "Adams, Michael"]
[Black "Buhmann, Rainer"]
[Result "1-0"]
[WhiteElo "2745"]
[BlackElo "2527"]
[PlyCount "103"]
[EventDate "2003.??.??"]

1. e4 e6 2. d4 d5 3. Nd2 c5 4. exd5 Qxd5 5. Ngf3 cxd4 6. Bc4 Qd6 7. Qe2 Nf6 8.
Nb3 Nc6 9. Bg5 a6 10. O-O-O b5 11. Bd3 Be7 12. Kb1 Bb7 13. Nbxd4 Nxd4 14. Nxd4
O-O 15. h4 Bd5 16. Rhe1 Ra7 17. g4 Qc7 18. Be3 Rb7 19. g5 Ne4 20. Bxe4 Bxe4 21.
Qg4 Bd5 22. h5 Qc4 23. b3 Qc8 24. Bc1 f5 25. Qe2 Bb4 26. Bd2 Bc5 27. Bc3 Be7
28. Nxe6 Be4 29. Bxg7 Re8 30. f3 Bb4 31. fxe4 Qxe6 32. c3 Rxg7 33. cxb4 fxe4
34. Qe3 Qf5 35. h6 Rf7 36. Rd4 Qg6 37. Kb2 Rf3 38. Qe2 Rf4 39. Qc2 Qf5 40. Re2
Rc8 41. Qd2 Qe5 42. Ka3 a5 43. bxa5 e3 44. Rd8+ Rxd8 45. Qxd8+ Rf8 46. Qb6 Re8
47. Qf6 Qc7 48. Kb2 b4 49. a6 Qd7 50. Qf4 Qe7 51. Qc4+ Kh8 52. Qd4+ 1-0

[Event "BL 0203 Stuttgarter Sfr - Lübecker SV"]
[Site "?"]
[Date "2003.03.09"]
[Round "13.2"]
[White "Golubev, Mihail"]
[Black "Grischuk, Alexander"]
[Result "0-1"]
[WhiteElo "2528"]
[BlackElo "2702"]
[PlyCount "60"]
[EventDate "2003.??.??"]

1. e4 c6 2. d4 d5 3. e5 Bf5 4. Be3 e6 5. Nd2 Nd7 6. f4 h5 7. Ngf3 Nh6 8. Be2
Be7 9. Nb3 Rc8 10. Qd2 Be4 11. O-O-O b6 12. Kb1 c5 13. dxc5 bxc5 14. Ng5 Bxg5
15. fxg5 Ng4 16. Bb5 O-O 17. Bxd7 Qxd7 18. Nxc5 Qb5 19. Nxe4 dxe4 20. Bd4 Rfd8
21. Qf4 e3 22. Rdf1 Rd7 23. Bxe3 Rxc2 24. Bc1 Nxe5 25. Qe4 Re2 26. Qa8+ Kh7 27.
Re1 Rdd2 28. Bxd2 Nc4 29. Bc3 Rxb2+ 30. Ka1 Rxa2+ 0-1

[Event "BL 0203 Stuttgarter Sfr - Lübecker SV"]
[Site "?"]
[Date "2003.03.09"]
[Round "13.3"]
[White "Shirov, Alexei"]
[Black "Schmittdiel, Eckhard"]
[Result "1-0"]
[WhiteElo "2699"]
[BlackElo "2491"]
[PlyCount "69"]
[EventDate "2003.??.??"]

1. e4 c5 2. Nf3 Nc6 3. Nc3 e5 4. Bc4 Be7 5. d3 h6 6. Nd2 Nf6 7. Nf1 a6 8. a3 b5
9. Ba2 c4 10. dxc4 b4 11. axb4 Bxb4 12. Ng3 d6 13. O-O Bg4 14. f3 Bc5+ 15. Kh1
Be6 16. Nd5 O-O 17. c3 a5 18. Bb1 Nd7 19. Nf5 Nb6 20. f4 exf4 21. Bxf4 Ne5 22.
b4 Nxd5 23. cxd5 Bxf5 24. bxc5 Bg4 25. Qe1 f6 26. Qg3 h5 27. Bxe5 fxe5 28. Bd3
Qc7 29. c6 Rxf1+ 30. Rxf1 Rf8 31. h3 Rxf1+ 32. Bxf1 Bd1 33. Qg6 a4 34. Qe8+ Kh7
35. Qd7 1-0

[Event "BL 0203 Stuttgarter Sfr - Lübecker SV"]
[Site "?"]
[Date "2003.03.09"]
[Round "13.5"]
[White "Epishin, Vladimir"]
[Black "Duppel, Matthias"]
[Result "1/2-1/2"]
[WhiteElo "2628"]
[BlackElo "2440"]
[PlyCount "38"]
[EventDate "2003.??.??"]

1. d4 d5 2. c4 c6 3. Nf3 Nf6 4. e3 a6 5. Bd2 e6 6. Qc2 Nbd7 7. Nc3 Be7 8. g4 h6
9. e4 dxe4 10. Nxe4 c5 11. Nxf6+ Bxf6 12. dxc5 Nxc5 13. O-O-O Qc7 14. Be3 b6
15. Bg2 Bb7 16. Ne1 Rc8 17. Kb1 Bxg2 18. Nxg2 Qc6 19. Nf4 Na4 1/2-1/2

[Event "BL 0203 Stuttgarter Sfr - Lübecker SV"]
[Site "?"]
[Date "2003.03.09"]
[Round "13.7"]
[White "Hodgson, Julian M"]
[Black "Steingrimsson, Hedinn"]
[Result "1-0"]
[WhiteElo "2608"]
[BlackElo "2390"]
[PlyCount "81"]
[EventDate "2003.??.??"]

1. d4 d5 2. Bg5 f6 3. Bf4 c5 4. Bxb8 Rxb8 5. Nc3 e6 6. e4 dxe4 7. d5 a6 8. Nh3
Ne7 9. Nf4 exd5 10. Ncxd5 Nxd5 11. Nxd5 Be7 12. f3 Bf5 13. Qd2 e3 14. Nxe3 Be6
15. Bd3 O-O 16. O-O-O b5 17. Bf5 Bf7 18. Qd7 g6 19. Ng4 gxf5 20. Nh6+ Kh8 21.
Rhe1 Bg6 22. Rxe7 Qxd7 23. Rdxd7 Rfe8 24. Nf7+ Kg8 25. Nh6+ Kh8 26. f4 Rxe7 27.
Rxe7 Rd8 28. Nf7+ Bxf7 29. Rxf7 Rg8 30. g3 Rg6 31. Ra7 h5 32. Rxa6 h4 33. b3 c4
34. Kb2 hxg3 35. hxg3 Kg7 36. bxc4 bxc4 37. Ra3 Kf7 38. Re3 Rg8 39. a4 Rd8 40.
Kc3 Ra8 41. Kb4 1-0

[Event "BL 0203 Stuttgarter Sfr - Lübecker SV"]
[Site "?"]
[Date "2003.03.09"]
[Round "13.8"]
[White "Schmid, Wolfgang"]
[Black "Nunn, John D.M.Dr"]
[Result "0-1"]
[WhiteElo "2202"]
[BlackElo "2611"]
[PlyCount "48"]
[EventDate "2003.??.??"]

1. e4 c5 2. Nf3 Nc6 3. Bb5 g6 4. O-O Bg7 5. Bxc6 bxc6 6. d3 d6 7. h3 e5 8. Nbd2
Ne7 9. Nc4 O-O 10. Qe2 h6 11. Nh2 Be6 12. f4 exf4 13. Rxf4 d5 14. Ne3 Qd7 15.
exd5 cxd5 16. Rf1 f5 17. Nd1 Rae8 18. Nf3 Nc6 19. Qf2 d4 20. b3 g5 21. Nd2 Nb4
22. Nc4 f4 23. Ba3 f3 24. g4 Bxc4 0-1

[Event "BL 0203 SV Werder Bremen - SC Kreuzberg"]
[Site "?"]
[Date "2003.03.09"]
[Round "13.2"]
[White "Babula, Vlastimil"]
[Black "Nisipeanu, Liviu-Dieter"]
[Result "0-1"]
[WhiteElo "2590"]
[BlackElo "2613"]
[PlyCount "80"]
[EventDate "2003.??.??"]

1. d4 Nf6 2. c4 e6 3. Nc3 Bb4 4. e3 O-O 5. Bd3 d5 6. Nf3 c5 7. O-O dxc4 8. Bxc4
Qe7 9. a3 Ba5 10. Bd2 Rd8 11. Qe2 cxd4 12. Nxd4 Bd7 13. e4 Bc6 14. Nxc6 Nxc6
15. Rfd1 Nd4 16. Qf1 Ng4 17. Bf4 Bc7 18. Bg3 Bxg3 19. hxg3 h5 20. Rac1 Rac8 21.
Be2 Nxe2+ 22. Qxe2 Qc5 23. Rc2 Rxd1+ 24. Qxd1 g6 25. Rd2 b5 26. Rd8+ Rxd8 27.
Qxd8+ Kg7 28. Qd2 b4 29. axb4 Qxb4 30. f3 Qc5+ 31. Kh1 Qf2 32. Qxf2 Nxf2+ 33.
Kg1 Nd3 34. b3 Kf6 35. Kf1 a5 36. Na4 Ke5 37. Ke2 Nc1+ 38. Ke3 Nxb3 39. Nb6 Kd6
40. Nc4+ Kc5 0-1

[Event "BL 0203 SV Werder Bremen - SC Kreuzberg"]
[Site "?"]
[Date "2003.03.09"]
[Round "13.3"]
[White "Tischbierek, Raj"]
[Black "Schandorff, Lars"]
[Result "1/2-1/2"]
[WhiteElo "2523"]
[BlackElo "2546"]
[PlyCount "41"]
[EventDate "2003.??.??"]

1. e4 c6 2. Ne2 d5 3. e5 h5 4. d4 h4 5. Nf4 Bf5 6. e6 Bxe6 7. Nxe6 fxe6 8. Bd3
Qd6 9. c4 e5 10. dxe5 Qxe5+ 11. Be3 e6 12. Nd2 Nd7 13. Bg6+ Kd8 14. O-O Qf6 15.
Bc2 Nh6 16. Nf3 Nf7 17. cxd5 exd5 18. Bd4 Qf4 19. Be3 Qf6 20. Bd4 Qf4 21. Be3
1/2-1/2

[Event "BL 0203 SV Werder Bremen - SC Kreuzberg"]
[Site "?"]
[Date "2003.03.09"]
[Round "13.4"]
[White "McShane, Luke James"]
[Black "Lau, Ralf"]
[Result "1-0"]
[WhiteElo "2546"]
[BlackElo "2491"]
[PlyCount "67"]
[EventDate "2003.??.??"]

1. e4 c5 2. Nf3 e6 3. c3 d5 4. e5 d4 5. Bd3 Nc6 6. O-O Nge7 7. Re1 Ng6 8. g3 a6
9. h4 dxc3 10. dxc3 c4 11. Bc2 Qxd1 12. Bxd1 f6 13. exf6 gxf6 14. Nbd2 Nge5 15.
Nxe5 Nxe5 16. Bh5+ Kd8 17. Ne4 Be7 18. Bh6 Rg8 19. Rad1+ Bd7 20. Re2 Kc8 21. b3
cxb3 22. axb3 Ng6 23. Be3 Bc6 24. Nd6+ Kc7 25. Nc4 b5 26. Na5 Be8 27. Bxg6 Bxg6
28. Bb6+ Kxb6 29. Rxe6+ Bd6 30. Rexd6+ Kc7 31. Rd7+ Kc8 32. Nc6 Re8 33. Ne7+
Kb8 34. R1d6 1-0

[Event "BL 0203 SV Werder Bremen - SC Kreuzberg"]
[Site "?"]
[Date "2003.03.09"]
[Round "13.6"]
[White "Gallagher, Joseph G"]
[Black "Kalinitschew, Sergey"]
[Result "1/2-1/2"]
[WhiteElo "2540"]
[BlackElo "2485"]
[PlyCount "27"]
[EventDate "2003.??.??"]

1. e4 e6 2. d4 d5 3. Nc3 Bb4 4. e5 Ne7 5. Nf3 c5 6. dxc5 Nd7 7. Bd3 Qc7 8. O-O
Bxc3 9. bxc3 Nxc5 10. Re1 Bd7 11. Nd4 O-O 12. Ba3 Ng6 13. Nb3 b6 14. c4 1/2-1/2

[Event "BL 0203 SV Werder Bremen - SC Kreuzberg"]
[Site "?"]
[Date "2003.03.09"]
[Round "13.7"]
[White "Volke, Karsten"]
[Black "Knaak, Rainer"]
[Result "1/2-1/2"]
[WhiteElo "2457"]
[BlackElo "2471"]
[PlyCount "85"]
[EventDate "2003.??.??"]

1. c4 e6 2. g3 d5 3. Bg2 c6 4. Qc2 Nf6 5. Nf3 Be7 6. b3 a5 7. a3 Nbd7 8. Bb2 b5
9. O-O bxc4 10. bxc4 Ba6 11. d3 O-O 12. Nbd2 Bd6 13. e4 e5 14. d4 exd4 15. Nxd4
Rc8 16. Rfe1 Re8 17. cxd5 cxd5 18. Nc6 dxe4 19. Nxe4 Nxe4 20. Rxe4 Qc7 21. Rc1
Bb7 22. Rxe8+ Rxe8 23. Qc3 Nf6 24. Qd2 Qd7 25. Bxf6 gxf6 26. Nxa5 Bxg2 27. Kxg2
Qe7 28. Rc4 Bxa3 29. Rg4+ Kh8 30. Rh4 Rg8 31. Qd3 Rg7 32. Nc6 Qd6 33. Qf3 Bc5
34. Na5 Rg5 35. Nb7 Qd5 36. Re4 Rf5 37. Re8+ Kg7 38. Qxd5 Rxd5 39. Nxc5 Rxc5
40. Re4 f5 41. Ra4 Kg6 42. Ra6+ f6 43. Ra4 1/2-1/2

[Event "BL 0203 Turm Emsdetten - SFR Neukoelln"]
[Site "?"]
[Date "2003.03.09"]
[Round "13.1"]
[White "Movsesian, Sergei"]
[Black "Berelovich, Alexander"]
[Result "1/2-1/2"]
[WhiteElo "2651"]
[BlackElo "2541"]
[PlyCount "82"]
[EventDate "2003.??.??"]

1. e4 e6 2. d4 d5 3. e5 c5 4. c3 Nc6 5. Nf3 Bd7 6. Be2 Nge7 7. Na3 cxd4 8. cxd4
Nf5 9. Nc2 Qb6 10. h4 Nb4 11. Nxb4 Bxb4+ 12. Kf1 Bb5 13. g4 Bxe2+ 14. Kxe2 Qa6+
15. Qd3 Qxd3+ 16. Kxd3 Ne7 17. h5 h6 18. a3 Ba5 19. Be3 Kd7 20. Nh4 Rag8 21.
Rag1 g5 22. Ng2 Nc6 23. f4 gxf4 24. Nxf4 Bd8 25. Rg2 Rh7 26. Nh3 a6 27. Rgg1 f6
28. exf6 Bxf6 29. g5 hxg5 30. Nxg5 Rhh8 31. h6 Ke7 32. Nf3 Rxg1 33. Rxg1 Kf7
34. Rf1 Kg6 35. Rg1+ Kf7 36. Ng5+ Ke7 37. Nh3 e5 38. dxe5 Nxe5+ 39. Kc2 d4 40.
Bxd4 Rxh6 41. Nf4 Nf3 1/2-1/2

[Event "BL 0203 Turm Emsdetten - SFR Neukoelln"]
[Site "?"]
[Date "2003.03.09"]
[Round "13.2"]
[White "Cramling, Pia"]
[Black "Slobodjan, Roman"]
[Result "0-1"]
[WhiteElo "2508"]
[BlackElo "2521"]
[PlyCount "132"]
[EventDate "2003.??.??"]

1. d4 d5 2. Nf3 Nf6 3. c4 c6 4. Nc3 e6 5. Bg5 h6 6. Bh4 Be7 7. e3 O-O 8. Rc1
Ne4 9. Bxe7 Qxe7 10. Bd3 Nxc3 11. Rxc3 Nd7 12. cxd5 exd5 13. O-O Nf6 14. Ne5
Ne4 15. Bxe4 dxe4 16. Qb1 Rd8 17. b4 Be6 18. a3 Bd5 19. Rfc1 Qe8 20. a4 Rd6 21.
h3 Rad8 22. Qb2 a6 23. Rc5 Re6 24. R5c2 b5 25. Rc3 f6 26. Ng4 Qe7 27. axb5 axb5
28. Ra3 h5 29. Nh2 f5 30. Rca1 Qg5 31. Kh1 Rg6 32. Rg1 f4 33. Qc1 Rf8 34. exf4
Qxf4 35. Ra8 Qxf2 36. Rxf8+ Qxf8 37. Qe1 Qf4 38. Nf1 Bc4 39. Qe3 Qxe3 40. Nxe3
Bd3 41. Rc1 Rf6 42. Kg1 g6 43. d5 cxd5 44. Nxd5 Rf7 45. h4 Bc4 46. Ne3 Bd3 47.
Nd5 Kg7 48. Kh2 e3 49. Nxe3 Rf4 50. Rc7+ Kf8 51. Nd5 Rxh4+ 52. Kg1 Rd4 53. Nf6
Bf5 54. Kf2 Rxb4 55. Ke3 h4 56. Rb7 Rb2 57. Kf4 Rxg2 58. Rxb5 Kg7 59. Ne8+ Kh6
60. Nd6 Be6 61. Re5 Rf2+ 62. Ke3 Rf1 63. Ke2 Rf6 64. Ne4 Bg4+ 65. Ke3 Rf3+ 66.
Kd4 Bf5 0-1

[Event "BL 0203 Turm Emsdetten - SFR Neukoelln"]
[Site "?"]
[Date "2003.03.09"]
[Round "13.3"]
[White "Stohl, Igor Dr"]
[Black "Pedersen, Nicolai Vesterbaek"]
[Result "1/2-1/2"]
[WhiteElo "2547"]
[BlackElo "2495"]
[PlyCount "33"]
[EventDate "2003.??.??"]

1. d4 Nf6 2. c4 e6 3. g3 c5 4. d5 exd5 5. cxd5 b5 6. Bg2 d6 7. e4 Nbd7 8. Nf3
g6 9. O-O Bg7 10. Bf4 Nb6 11. Nc3 O-O 12. e5 dxe5 13. Nxe5 Bb7 14. Nc6 Qd7 15.
Ne5 Qd8 16. Nc6 Qd7 17. Ne5 1/2-1/2

[Event "BL 0203 Turm Emsdetten - SFR Neukoelln"]
[Site "?"]
[Date "2003.03.09"]
[Round "13.4"]
[White "Olsen, Boe Mads"]
[Black "Brynell, Stellan"]
[Result "0-1"]
[WhiteElo "2372"]
[BlackElo "2524"]
[PlyCount "74"]
[EventDate "2003.??.??"]

1. f4 d5 2. Nf3 Nf6 3. e3 g6 4. Be2 Bg7 5. O-O O-O 6. Qe1 c5 7. d3 Nc6 8. Nc3
b6 9. Bd2 d4 10. Nd1 dxe3 11. Nxe3 Nd5 12. Nxd5 Qxd5 13. Bc3 Bb7 14. Bxg7 Kxg7
15. c3 Rad8 16. Qg3 Ba6 17. Rfd1 Qf5 18. Rd2 Rd6 19. Nh4 Qf6 20. Rf1 Kh8 21. f5
g5 22. Nf3 Rg8 23. Qg4 Bc8 24. Ne1 Rd5 25. Qa4 Rxf5 26. Rxf5 Bxf5 27. Bf3 Bd7
28. Rf2 Qe6 29. Re2 Ne5 30. Qd1 Qd6 31. Bh5 f6 32. Nf3 Nxd3 33. Bf7 Rd8 34. Bc4
Bf5 35. Rd2 e5 36. Qf1 Bg6 37. Ne1 e4 0-1

[Event "BL 0203 Turm Emsdetten - SFR Neukoelln"]
[Site "?"]
[Date "2003.03.09"]
[Round "13.5"]
[White "Berndt, Stephan"]
[Black "Zumsande, Martin"]
[Result "1/2-1/2"]
[WhiteElo "2482"]
[BlackElo "2374"]
[PlyCount "55"]
[EventDate "2003.??.??"]

1. e4 e6 2. d4 d5 3. Nc3 Nf6 4. e5 Nfd7 5. f4 c5 6. Nf3 Nc6 7. Be3 a6 8. Qd2 b5
9. dxc5 Bxc5 10. Bxc5 Nxc5 11. Qf2 Qb6 12. Bd3 b4 13. Ne2 a5 14. O-O Ba6 15.
Kh1 Ne7 16. b3 h6 17. Rad1 O-O 18. g4 Rab8 19. Ned4 Ne4 20. Qe3 Bxd3 21. cxd3
Nc3 22. Rde1 Nc6 23. f5 Nxd4 24. Nxd4 Nb5 25. Rf4 Nxd4 26. Rxd4 f6 27. Rf4 Qxe3
28. Rxe3 1/2-1/2

[Event "BL 0203 Turm Emsdetten - SFR Neukoelln"]
[Site "?"]
[Date "2003.03.09"]
[Round "13.6"]
[White "Richter, Christian"]
[Black "Polzin, Rainer"]
[Result "0-1"]
[WhiteElo "2333"]
[BlackElo "2462"]
[PlyCount "116"]
[EventDate "2003.??.??"]

1. d4 Nf6 2. c4 g6 3. g3 Bg7 4. Bg2 O-O 5. Nc3 d6 6. Nf3 Nbd7 7. O-O e5 8. e4
a6 9. dxe5 dxe5 10. Qc2 c6 11. h3 Qe7 12. Be3 Nc5 13. b4 Ne6 14. c5 Nh5 15. Na4
f5 16. Nb6 Rb8 17. Bd2 Nd4 18. Nxc8 Rbxc8 19. Nxd4 exd4 20. exf5 gxf5 21. Qc4+
Qf7 22. Qxf7+ Kxf7 23. Rfe1 Rfe8 24. Bf1 Nf6 25. Bd3 Ne4 26. Bf4 Rcd8 27. a3
Kg6 28. f3 Nc3 29. g4 Kf7 30. Kf2 Nd5 31. Bd6 Ne3 32. Rab1 Bf6 33. Re2 Bh4+ 34.
Bg3 Bxg3+ 35. Kxg3 Kf6 36. f4 h6 37. Kf3 Re7 38. Rg1 Rg8 39. Bb1 Reg7 40. Ba2
fxg4+ 41. hxg4 Rxg4 42. Rxg4 Rxg4 43. Rh2 Rg6 44. Bb1 Nf1 45. Rf2 Rg3+ 46. Ke4
Ne3 47. Kxd4 Ng4 48. Ra2 h5 49. Be4 h4 50. a4 Rb3 51. Kc4 Re3 52. Bh1 Re1 53.
Bf3 Rf1 54. Bg2 Rxf4+ 55. Kc3 h3 56. Bxh3 Rf3+ 57. Kd4 Rxh3 58. b5 Ne5 0-1

[Event "BL 0203 Turm Emsdetten - SFR Neukoelln"]
[Site "?"]
[Date "2003.03.09"]
[Round "13.7"]
[White "Borriss, Martin Dr"]
[Black "Van Beek, Lucien"]
[Result "1/2-1/2"]
[WhiteElo "2442"]
[BlackElo "2341"]
[PlyCount "66"]
[EventDate "2003.??.??"]

1. e4 e5 2. Nf3 Nc6 3. Bb5 a6 4. Ba4 d6 5. c3 Bd7 6. d4 g6 7. Bg5 f6 8. Be3 Nh6
9. O-O Qe7 10. h3 Nf7 11. c4 Bg7 12. Nc3 O-O 13. Nd5 Qd8 14. c5 f5 15. cxd6
fxe4 16. Nxe5 Nxd6 17. Bxc6 Bxc6 18. Nxc6 bxc6 19. Nb4 Nf5 20. Nxc6 Qd6 21. Qc2
Rae8 22. Rae1 Re6 23. Ne5 Bxe5 24. dxe5 Qxe5 25. Bc5 Rfe8 26. Re2 Nh4 27. Qc3
Qg5 28. Qg3 Qxg3 29. fxg3 Nf5 30. Kh2 Nd6 31. g4 Rf8 32. Rfe1 Rfe8 33. Kg3 Nc4
1/2-1/2

[Event "BL 0203 Turm Emsdetten - SFR Neukoelln"]
[Site "?"]
[Date "2003.03.09"]
[Round "13.8"]
[White "Pedersen, Daniel Vesterbaek"]
[Black "Thiede, Lars"]
[Result "1/2-1/2"]
[WhiteElo "2344"]
[BlackElo "2416"]
[PlyCount "112"]
[EventDate "2003.??.??"]

1. e4 g6 2. d4 Bg7 3. Nf3 d6 4. Bc4 Nf6 5. Qe2 Nc6 6. d5 Nb8 7. O-O O-O 8. Re1
c6 9. a4 a5 10. Nc3 Na6 11. Bf4 Nb4 12. h3 Nh5 13. Be3 e5 14. dxc6 bxc6 15.
Rad1 Qe7 16. Qd2 Be6 17. Bxe6 Qxe6 18. Qxd6 Qxd6 19. Rxd6 Nxc2 20. Re2 Nxe3 21.
fxe3 Rfc8 22. Nd2 Ra7 23. Nc4 Bf8 24. Nb6 Rcc7 25. Rd8 Kg7 26. Nc4 Be7 27. Rb8
Ng3 28. Rc2 Bb4 29. Kf2 Bxc3 30. Kxg3 Bb4 31. Kf3 f6 32. Nb6 Kf7 33. g4 Be7 34.
Nc8 Ra6 35. Nxe7 Rxe7 36. Rd2 Raa7 37. Rdd8 Rab7 38. b3 Ke6 39. Ke2 Red7 40.
Rxd7 Rxb8 41. Rxh7 Rxb3 42. Ra7 Rb4 43. Rxa5 Rxe4 44. Ra8 Kd5 45. Kf3 f5 46. a5
Ra4 47. gxf5 gxf5 48. a6 Kc5 49. a7 Kb6 50. Re8 Rxa7 51. Rxe5 Rh7 52. Kg3 Rf7
53. Kf4 Rh7 54. Kxf5 Rxh3 55. Re8 Kc7 56. Ke4 Kd6 1/2-1/2

[Event "BL 0203 SK König Plauen - TV Tegernsee"]
[Site "?"]
[Date "2003.03.09"]
[Round "13.1"]
[White "Khenkin, Igor"]
[Black "Bischoff, Klaus"]
[Result "1-0"]
[WhiteElo "2603"]
[BlackElo "2554"]
[PlyCount "63"]
[EventDate "2003.??.??"]

1. d4 Nf6 2. c4 e6 3. Nc3 d5 4. cxd5 exd5 5. Bg5 c6 6. e3 Be7 7. Bd3 Nbd7 8. h3
O-O 9. Qc2 Re8 10. Nf3 Nf8 11. Bf4 N6d7 12. O-O-O Nb6 13. Kb1 Be6 14. h4 f6 15.
Rdg1 h5 16. g4 hxg4 17. Nh2 Qd7 18. f3 f5 19. fxg4 fxg4 20. h5 Nc4 21. h6 g5
22. Bxc4 gxf4 23. Nxg4 Bxg4 24. Be2 Kh8 25. Rxg4 Bf6 26. Rhg1 Ne6 27. Qf5 Qe7
28. Bd3 Bg5 29. exf4 Rf8 30. Qe5+ Bf6 31. Rg7 Rf7 32. Qf5 1-0

[Event "BL 0203 SK König Plauen - TV Tegernsee"]
[Site "?"]
[Date "2003.03.09"]
[Round "13.2"]
[White "Kindermann, Stefan"]
[Black "Sokolov, Andrei"]
[Result "1/2-1/2"]
[WhiteElo "2519"]
[BlackElo "2587"]
[PlyCount "34"]
[EventDate "2003.??.??"]

1. e4 c5 2. Nf3 e6 3. b3 Nc6 4. Bb2 d6 5. d4 cxd4 6. Nxd4 Nf6 7. Bd3 Bd7 8. O-O
Be7 9. Nxc6 Bxc6 10. Nd2 O-O 11. Qe2 Nd7 12. f4 Nc5 13. Nf3 Nxd3 14. cxd3 a5
15. f5 Bf6 16. fxe6 fxe6 17. Bxf6 Rxf6 1/2-1/2

[Event "BL 0203 SK König Plauen - TV Tegernsee"]
[Site "?"]
[Date "2003.03.09"]
[Round "13.3"]
[White "Beim, Valery"]
[Black "Espig, Lutz"]
[Result "1/2-1/2"]
[WhiteElo "2555"]
[BlackElo "2425"]
[PlyCount "39"]
[EventDate "2003.??.??"]

1. d4 d6 2. e4 Nf6 3. Nc3 g6 4. Be3 Bg7 5. Qd2 c6 6. f3 b5 7. g4 h5 8. g5 Nfd7
9. f4 Nb6 10. Nf3 d5 11. e5 e6 12. b3 Bf8 13. a4 b4 14. Na2 a5 15. c3 bxc3 16.
Qxc3 Ba6 17. Bg2 N8d7 18. Kf2 Be7 19. Bd2 Bb7 20. Nc1 1/2-1/2

[Event "BL 0203 SK König Plauen - TV Tegernsee"]
[Site "?"]
[Date "2003.03.09"]
[Round "13.4"]
[White "Brendel, Oliver"]
[Black "Boensch, Uwe"]
[Result "0-1"]
[WhiteElo "2378"]
[BlackElo "2540"]
[PlyCount "82"]
[EventDate "2003.??.??"]

1. e4 c5 2. Nf3 Nc6 3. Nc3 e5 4. Bc4 d6 5. d3 Be7 6. O-O Nf6 7. Ng5 O-O 8. f4
exf4 9. Bxf4 Bg4 10. Qe1 Bh5 11. Nh3 Nd4 12. Qd2 Ng4 13. Nd5 Ne5 14. Nxe7+ Qxe7
15. Bd5 Bg4 16. Ng5 Ne2+ 17. Kh1 Nxf4 18. Qxf4 Be6 19. Qh4 h6 20. Nf3 Qxh4 21.
Nxh4 Bxd5 22. exd5 g6 23. Rf6 Rad8 24. h3 Kg7 25. Rf2 Rde8 26. g4 Nd7 27. Raf1
Re5 28. c4 Re3 29. Rf3 Re2 30. R1f2 Rxf2 31. Rxf2 Ne5 32. Rd2 h5 33. g5 f6 34.
gxf6+ Rxf6 35. d4 Nxc4 36. Rd3 cxd4 37. Rxd4 Ne5 38. Rb4 b6 39. Kh2 Rf2+ 40.
Kg3 Rd2 41. Ng2 Rd3+ 0-1

[Event "BL 0203 SK König Plauen - TV Tegernsee"]
[Site "?"]
[Date "2003.03.09"]
[Round "13.5"]
[White "Teske, Henrik"]
[Black "Dirr, Ulrich"]
[Result "0-1"]
[WhiteElo "2527"]
[BlackElo "2322"]
[PlyCount "94"]
[EventDate "2003.??.??"]

1. d4 f5 2. Nc3 Nf6 3. Bg5 d5 4. e3 e6 5. g4 Be7 6. gxf5 exf5 7. Bd3 c6 8. Bxf6
Bxf6 9. Qf3 g6 10. Nge2 Be6 11. Nf4 Bf7 12. O-O-O Nd7 13. Qg3 Bh4 14. Qg2 Qe7
15. Nce2 Nf6 16. Ng3 Ne4 17. Kb1 O-O-O 18. Rhe1 Kb8 19. Bf1 c5 20. f3 Nxg3 21.
hxg3 Bf6 22. c3 g5 23. Nh3 c4 24. Nf2 Bg6 25. Ka1 Rhe8 26. e4 dxe4 27. fxe4
fxe4 28. Bxc4 Rd6 29. Re3 Qc7 30. Bb5 Re7 31. Rde1 Rb6 32. Qf1 a6 33. Bc4 h5
34. Bd5 h4 35. gxh4 gxh4 36. Qg2 Rg7 37. Bxe4 Bf7 38. Qf1 Rg3 39. Bd3 Bg5 40.
Rxg3 hxg3 41. Ne4 Bf4 42. Qf3 Rh6 43. Nc5 Rh2 44. Rf1 Ka7 45. b4 Bh5 46. Qd5
Bd2 47. Kb2 Be3+ 0-1

[Event "BL 0203 SK König Plauen - TV Tegernsee"]
[Site "?"]
[Date "2003.03.09"]
[Round "13.6"]
[White "Sandner, Gunter"]
[Black "Hertneck, Gerald"]
[Result "1/2-1/2"]
[WhiteElo "2323"]
[BlackElo "2502"]
[PlyCount "27"]
[EventDate "2003.??.??"]

1. Nf3 Nf6 2. c4 e6 3. g3 d5 4. d4 dxc4 5. Bg2 Nc6 6. O-O Rb8 7. a4 Bb4 8. Qc2
O-O 9. Qxc4 a5 10. Bg5 h6 11. Bxf6 Qxf6 12. Nc3 Bd7 13. Rac1 Rfc8 14. Rfd1
1/2-1/2

[Event "BL 0203 SK König Plauen - TV Tegernsee"]
[Site "?"]
[Date "2003.03.09"]
[Round "13.7"]
[White "Stangl, Markus"]
[Black "Kuraszkiewicz, Michael"]
[Result "1-0"]
[WhiteElo "2494"]
[BlackElo "2323"]
[PlyCount "81"]
[EventDate "2003.??.??"]

1. Nf3 g6 2. d4 Bg7 3. e4 d6 4. Nc3 a6 5. Bf4 b5 6. Qd2 Bb7 7. O-O-O Nd7 8. h4
h6 9. e5 Nb6 10. e6 f5 11. h5 b4 12. Ne2 Qc8 13. hxg6 Qxe6 14. Qxb4 Qxg6 15.
Nh4 Qf7 16. Nc3 Bc8 17. Qa5 Rb8 18. Bxa6 Ra8 19. Bb5+ Kf8 20. Qb4 Nf6 21. Bc6
Ra6 22. d5 Ng4 23. Rd2 Ne5 24. Bb5 Ra8 25. Be3 Rb8 26. f4 Ng6 27. Nxg6+ Qxg6
28. Bd4 Rg8 29. Re1 Qg3 30. Bxg7+ Rxg7 31. Rde2 Bd7 32. Qd4 Qh4 33. a4 Ra8 34.
Bxd7 Nxd7 35. Kb1 Nf6 36. Nb5 Rc8 37. a5 c5 38. dxc6 Rxc6 39. Qa7 Ne8 40. Nd4
Rxg2 41. Rxe7 1-0

[Event "BL 0203 SK König Plauen - TV Tegernsee"]
[Site "?"]
[Date "2003.03.09"]
[Round "13.8"]
[White "Pfretzschner, Roland"]
[Black "Bromberger, Stefan"]
[Result "0-1"]
[WhiteElo "2249"]
[BlackElo "2414"]
[PlyCount "96"]
[EventDate "2003.??.??"]

1. e4 e6 2. d4 d5 3. exd5 exd5 4. Nf3 Bd6 5. c4 c6 6. Nc3 Ne7 7. c5 Bc7 8. Bd3
Bf5 9. Bg5 Qd7 10. O-O Bxd3 11. Qxd3 O-O 12. Rfe1 Ng6 13. Nh4 Qg4 14. Nxg6 hxg6
15. Be7 Re8 16. Bd6 Na6 17. Bxc7 Nxc7 18. Qg3 Qd7 19. Rad1 Rxe1+ 20. Rxe1 Ne6
21. Qe3 Qd8 22. b4 Qf6 23. Rd1 Re8 24. g3 Re7 25. Qe5 Qxe5 26. dxe5 g5 27. f3
a5 28. a3 axb4 29. axb4 Nc7 30. f4 gxf4 31. gxf4 g5 32. Kf2 gxf4 33. Kf3 f6 34.
Rg1+ Kf8 35. Kxf4 fxe5+ 36. Kf5 e4 37. Ne2 Rg7 38. Ra1 Rf7+ 39. Kg6 Nb5 40.
Ra8+ Ke7 41. Ng3 Rf6+ 42. Kg5 Nc7 43. Ra7 Ne6+ 44. Kh5 Nd8 45. Kg4 Ke6 46. Ra8
Rf8 47. Nf5 Ke5 48. Nd6 e3 0-1

[Event "BL 0203 Erfurter SK - SC Forchheim"]
[Site "?"]
[Date "2003.03.09"]
[Round "13.1"]
[White "Prusikin, Mikhajlo"]
[Black "Haba, Petr"]
[Result "1/2-1/2"]
[WhiteElo "2504"]
[BlackElo "2534"]
[PlyCount "60"]
[EventDate "2003.??.??"]

1. d4 Nf6 2. Nf3 d5 3. c4 e6 4. g3 dxc4 5. Bg2 Nc6 6. Qa4 Bb4+ 7. Bd2 Bd6 8.
Qxc4 O-O 9. O-O e5 10. dxe5 Nxe5 11. Nxe5 Bxe5 12. Bc3 Bxc3 13. Nxc3 c6 14.
Rfd1 Qe7 15. Rd2 Be6 16. Qa4 Rfd8 17. Rad1 Rxd2 18. Rxd2 h6 19. Qa5 Kf8 20. Kf1
Nd7 21. Ke1 Nc5 22. Na4 Nxa4 23. Qxa4 a5 24. a3 Qc5 25. Qc2 Qxc2 26. Rxc2 Ke7
27. e4 f6 28. Bf1 Rd8 29. Rd2 Rxd2 30. Kxd2 Kd6 1/2-1/2